Detalles MARC
| 000 -CABECERA |
| Longitud fija campo de control |
01608nam a2200481 i 4500 |
| 001 - NÚMERO DE CONTROL |
| Número de control |
51377 |
| 003 - IDENTIFICADOR DE NÚMERO DE CONTROL |
| Identificador del número de control |
ES-MaCES |
| 005 - FECHA Y HORA DE LA ÚLTIMA TRANSACCIÓN |
| Fecha y hora de la última transacción |
20191112140712.0 |
| 008 - CAMPO FIJO DE DESCRIPCIÓN FIJA--INFORMACIÓN GENERAL |
| Códigos de información de longitud fija |
191112s2019 sp | ||||o000 0|spa | |
| 017 ## - NÚMERO DE REGISTRO DE DERECHOS DE AUTOR Y DEPÓSITO LEGAL |
| Número de copyright o de depósito legal |
M 40768-2018 |
| Agencia que asigna el número |
DL |
| 020 ## - ISBN (INTERNATIONAL STANDARD BOOK NUMBER) |
| Número Internacional Normalizado para Libros (ISBN) |
9788473516655 |
| 020 ## - ISBN (INTERNATIONAL STANDARD BOOK NUMBER) |
| Número Internacional Normalizado para Libros (ISBN) |
9788473516662 (formato electrónico) |
| 024 7# - OTROS IDENTIFICADORES |
| Número normalizado o código |
278-18-005-9 |
| Fuente del número o código |
nipo |
| 024 7# - OTROS IDENTIFICADORES |
| Número normalizado o código |
278-19-006-4 (formato electrónico) |
| Fuente del número o código |
nipo |
| 040 ## - FUENTE DE CATALOGACIÓN |
| Centro catalogador de origen |
ES-MaCES |
| Lengua de catalogación |
spa |
| Centro transcriptor |
ES-MaCES |
| 100 1# - ENCABEZAMIENTO PRINCIPAL--NOMBRE PERSONAL |
| 9 (RLIN) |
12729 |
| Nombre de persona |
García, Eloy |
| 245 14 - MENCIÓN DE TÍTULO |
| Título |
Los instrumentos de democracia directa en el Derecho comparado |
| Mención de responsabilidad, etc. |
Eloy García, Elisabetta Palici di Suni, Martin Rogoff |
| 250 ## - MENCIÓN DE EDICIÓN |
| Mención de edición |
1ª ed |
| 260 ## - PUBLICACIÓN, DISTRIBUCIÓN, ETC (PIE DE IMPRENTA) |
| Lugar de publicación, distribución, etc. |
Madrid |
| Nombre del editor, distribuidor, etc. |
Instituto Nacional de Administración Pública |
| Fecha de publicación, distribución, etc. |
2019 |
| 300 ## - DESCRIPCIÓN FÍSICA |
| Extensión |
314 p. |
| Dimensiones |
24 cm |
| 490 1# - MENCIÓN DE SERIE |
| Mención de serie |
Tratado de Derecho público comparado |
| 541 0# - NOTA DE LA FUENTE INMEDIANTE DE ADQUISICIÓN |
| Forma de adquisición |
Gratuito |
| 650 #4 - ASIENTO SECUNDARIO DE MATERIA--TÉRMINO DE MATERIA |
| Término de materia o nombre geográfico como elemento inicial |
democracia |
| 9 (RLIN) |
27175 |
| 650 #4 - ASIENTO SECUNDARIO DE MATERIA--TÉRMINO DE MATERIA |
| Término de materia o nombre geográfico como elemento inicial |
régimen político |
| 9 (RLIN) |
27201 |
| 650 #4 - ASIENTO SECUNDARIO DE MATERIA--TÉRMINO DE MATERIA |
| Término de materia o nombre geográfico como elemento inicial |
constitución |
| 9 (RLIN) |
27193 |
| 650 #4 - ASIENTO SECUNDARIO DE MATERIA--TÉRMINO DE MATERIA |
| Término de materia o nombre geográfico como elemento inicial |
derecho público |
| 9 (RLIN) |
27169 |
| 650 #4 - ASIENTO SECUNDARIO DE MATERIA--TÉRMINO DE MATERIA |
| Término de materia o nombre geográfico como elemento inicial |
derecho constitucional |
| 9 (RLIN) |
27158 |
| 650 #4 - ASIENTO SECUNDARIO DE MATERIA--TÉRMINO DE MATERIA |
| Término de materia o nombre geográfico como elemento inicial |
derecho comparado |
| 9 (RLIN) |
29868 |
| 650 #4 - ASIENTO SECUNDARIO DE MATERIA--TÉRMINO DE MATERIA |
| Término de materia o nombre geográfico como elemento inicial |
Europa |
| 9 (RLIN) |
26940 |
| 650 #4 - ASIENTO SECUNDARIO DE MATERIA--TÉRMINO DE MATERIA |
| Término de materia o nombre geográfico como elemento inicial |
España |
| 9 (RLIN) |
26964 |
| 650 #4 - ASIENTO SECUNDARIO DE MATERIA--TÉRMINO DE MATERIA |
| Término de materia o nombre geográfico como elemento inicial |
Francia |
| 9 (RLIN) |
26943 |
| 650 #4 - ASIENTO SECUNDARIO DE MATERIA--TÉRMINO DE MATERIA |
| Término de materia o nombre geográfico como elemento inicial |
Italia |
| 9 (RLIN) |
26952 |
| 650 #4 - ASIENTO SECUNDARIO DE MATERIA--TÉRMINO DE MATERIA |
| Término de materia o nombre geográfico como elemento inicial |
Estados Unidos |
| 9 (RLIN) |
28373 |
| 650 #4 - ASIENTO SECUNDARIO DE MATERIA--TÉRMINO DE MATERIA |
| Término de materia o nombre geográfico como elemento inicial |
Canadá |
| 9 (RLIN) |
26860 |
| 650 #4 - ASIENTO SECUNDARIO DE MATERIA--TÉRMINO DE MATERIA |
| Término de materia o nombre geográfico como elemento inicial |
historia |
| 9 (RLIN) |
27251 |
| 653 ## - TÉRMINO DE INDEXACIÓN--NO CONTROLADO |
| Término no controlado |
Derecho constitucional |
| 700 1# - ENCABEZAMIENTO SECUNDARIO--NOMBRE PERSONAL |
| 9 (RLIN) |
39657 |
| Nombre de persona |
Di Suni, Elisabetta Palici |
| 700 1# - ENCABEZAMIENTO SECUNDARIO--NOMBRE PERSONAL |
| 9 (RLIN) |
39658 |
| Nombre de persona |
Rogoff, Martin |
| 710 2# - ENCABEZAMIENTO SECUNDARIO--NOMBRE CORPORATIVO |
| 9 (RLIN) |
4265 |
| Nombre de entidad o nombre de jurisdicción como elemento inicial |
Instituto Nacional de Administración Pública (España) |
| Término indicativo de función |
ed. |
| 830 #0 - ENCABEZAMIENTO SECUNDARIO DE COLECCIÓN--TÍTULO UNIFORME |
| 9 (RLIN) |
39651 |
| Título uniforme |
Tratado de Derecho publico comparado |
| 902 ## - CES. TIPO DE DOCUMENTO |
| Tipodoc (006$c Sirtex) |
LIB Libro |
| 942 ## - ELEMENTOS KOHA |
| Fuente de clasificaión o esquema |
Clasificación propia del CES |
| Koha [por defecto] tipo de item |
Monografías |
| Parte de clasificación |
Derecho Constitucional |